المملكة الاردنية الهاشمية نظام الخدمة المدنية رقم(9) لسنة(2020) وتعديلاته حتى تاريخ 5/1/2022 (Record no. 32360)
[ view plain ]
| 000 -LEADER | |
|---|---|
| fixed length control field | 00661nam a2200193Ii 4500 |
| 003 - CONTROL NUMBER IDENTIFIER | |
| control field | JO-AjNU |
| 008 - FIXED-LENGTH DATA ELEMENTS--GENERAL INFORMATION | |
| fixed length control field | 230605s9999||||xx |||||||||||||| ||und|| |
| 017 ## - COPYRIGHT OR LEGAL DEPOSIT NUMBER | |
| Copyright or legal deposit number | 2020/2/733 |
| 040 ## - CATALOGING SOURCE | |
| Original cataloging agency | JO-AjNU |
| Language of cataloging | ara |
| Description conventions | rda |
| Transcribing agency | JO-AjNU |
| 041 ## - LANGUAGE CODE | |
| Language code of text/sound track or separate title | ara |
| 050 14 - LIBRARY OF CONGRESS CALL NUMBER | |
| Classification number | JF1521.J65.2022 |
| 100 3# - MAIN ENTRY--PERSONAL NAME | |
| Personal name | ديوان الخدمة المدنية, |
| Relator term | author |
| 9 (RLIN) | 63469 |
| 245 00 - TITLE STATEMENT | |
| Title | المملكة الاردنية الهاشمية نظام الخدمة المدنية رقم(9) لسنة(2020) وتعديلاته حتى تاريخ 5/1/2022 |
| 250 ## - EDITION STATEMENT | |
| Edition statement | ط1 |
| 300 ## - PHYSICAL DESCRIPTION | |
| Extent | 150ص |
| 336 ## - CONTENT TYPE | |
| Content type term | text |
| Content type code | txt |
| Source | rdacontent |
| 337 ## - MEDIA TYPE | |
| Media type term | unmediated |
| Media type code | n |
| Source | rdamedia |
| 338 ## - CARRIER TYPE | |
| Carrier type term | volume |
| Carrier type code | nc |
| Source | rdacarrier |
| Withdrawn status | Lost status | Source of classification or shelving scheme | Damaged status | Not for loan | Home library | Current library | Shelving location | Date acquired | Total Checkouts | Full call number | Barcode | Date last seen | Price effective from | Koha item type |
|---|---|---|---|---|---|---|---|---|---|---|---|---|---|---|
| Library of Congress Classification | مكتبة جامعة عجلون الوطنية | مكتبة جامعة عجلون الوطنية | المجموعات العامة | 06/06/2023 | JF1521.J65.2022 | A28792 | 06/06/2023 | 06/06/2023 | Books |